000 00579nam a2200229Ia 4500
003 OSt
005 20220924153055.0
006 a|||||r|||| 00| 0
007 ta
008 220923b |||||||| |||| 00| 0 guj d
024 _a346635
037 _cTextual
040 _aARTS
_cARTS
_bguj
041 _2guj
_aguj
082 _aO156,3N16,28, K3.1-.2
100 _aPetalikar
_9228047
245 0 _aTirnahubaudu
260 _c1963
650 _aGUJRATI LITERATURE
942 _hO156,3N16,28, K3.1-.2
_cTEXL
_2CC
999 _c472176
_d472176